000 00602nam a2200193 a 4500
001 000668112
003 AM-YeHGA
005 20250618073545.0
008 090619s1964 ||| r 000 0 rus d
040 _aAM-YeHGA
041 0 _arus
100 1 _aՀուրունց, Լեոնիդ Կարախանի,
_d1913-1982
_92643
245 1 0 _aПшатовое дерево /
_cЛеонид Гурунц.
260 _aМосква :
_bПравда,
_c1964.
300 _a48 с.
440 0 _aБ-ка "Огонек"
_v28
653 0 _aАрмянская советская литература
090 _c248264
999 _c246675
_d246675